A személyközi problémák megoldásának kutatása és fejlesztése

A személyközi (szociális, társas, interperszonális) problémák megoldása nagymértékben – és az életkor előrehaladtával egyre jelentősebben – meghatározza társas kapcsolatainkat, pszichés jóllétünket, befolyásolja tanulmányi-szakmai előmenetelünket. Nemzetközi szinten az utóbbi két-három évtizedben ig...

Teljes leírás

Elmentve itt :
Bibliográfiai részletek
Testületi szerző: Pedagógiai Értékelési Konferencia (14.) (2016) (Szeged)
Dokumentumtípus: Könyv része
Megjelent: 2016
Sorozat:Pedagógiai Értékelési Konferencia 14
Kulcsszavak:Problémamegoldás - előadáskivonat, Szocializáció - előadáskivonat
Online Access:http://acta.bibl.u-szeged.hu/61306
LEADER 03250naa a2200181 i 4500
001 acta61306
005 20260224081030.0
008 190912s2016 hu o 100 hun d
040 |a SZTE Egyetemi Kiadványok Repozitórium  |b hun 
041 |a hun 
245 0 2 |a A személyközi problémák megoldásának kutatása és fejlesztése  |h [elektronikus dokumentum] 
260 |c 2016 
300 |a 42-43 
490 0 |a Pedagógiai Értékelési Konferencia  |v 14 
520 3 |a A személyközi (szociális, társas, interperszonális) problémák megoldása nagymértékben – és az életkor előrehaladtával egyre jelentősebben – meghatározza társas kapcsolatainkat, pszichés jóllétünket, befolyásolja tanulmányi-szakmai előmenetelünket. Nemzetközi szinten az utóbbi két-három évtizedben igen intenzív kutatások és fejlesztések folynak e területen, pár éve hazánkban is. A szociálisprobléma-megoldás folyamatával és fejlesztésével foglalkozó vizsgálatok napjainkban leginkább egy-egy megoldási stílus (pl. racionális, elkerülő, impulzív) részletes – életkori, nem szerinti sajátosságaik, más pszichikus és környezeti tényezőkkel való kapcsolatuk – megismerését tűzik ki célul, illetve a fejlesztések során, a korábbiakkal ellentétben, a gondolkodási-érzelmi-viselkedési folyamatokra együttesen, nem elkülönítve koncentrálnak. Az első előadás során a VÉG-modell (Viselkedés-Érzelem-Gondolkodás) főbb jellemzőit és alkalmazási területeit ismertetjük, mely modell alapján világszerte számos, a problémamegoldás sajátosságainak feltárását lehetővé tevő mérőeszközt és fejlesztési koncepciót dolgoztak ki, melyek megbízhatósága, hatékonysága igen jónak bizonyul. Ez a modell tekinthető a további előadásokban bemutatott vizsgálatok és kísérletek egyik legfontosabb elméleti és módszertani keretének. A második előadásban az általunk fejlesztett Elkerülés kérdőív létrehozásának folyamatáról és a végső kérdőív jellemzőiről (elméleti keret, faktorstruktúra) lesz szó. A bemérés eredményei alapján rámutatunk arra is, hogy az erről a megoldási módról korábban, más mérőeszközökkel (pl. SPSI–R) kapott hazai, serdülőkorúakra vonatkozó adatokat szükséges újraértelmeznünk. A harmadik előadás az SPSI–R-rel, fogvatartottak körében végzett kutatás eredményeit foglalja össze. Az adatok arra hívják fel a figyelmet, hogy a szociálisprobléma-megoldás nagymértékben személy- és helyzetspecifikus, amit mindenképpen szükséges figyelembe venni segítő-fejlesztő programok kidolgozásakor. A VÉG-modell alapján végeztünk tantárgyi tartalomba ágyazott fejlesztést alsó tagozatosok körében, amiről a negyedik előadásban lesz szó, illetve részben e modell mentén dolgoztunk ki felső tagozatos diákok számára egy négy hónapos programot, melynek főbb jellemzőit és részeredményeit az utolsó előadásban mutatjuk be. 
695 |a Problémamegoldás - előadáskivonat, Szocializáció - előadáskivonat 
710 |a Pedagógiai Értékelési Konferencia (14.) (2016) (Szeged) 
856 4 0 |u http://acta.bibl.u-szeged.hu/61306/3/pek_2016_042-043.pdf  |z Dokumentum-elérés